00338 a2200145 450000100060000002000150000604000240002110000190004524000360006424500310010030000070013136200090013844000140014765000310016170021 a8588044048 cAnchieta - Itaigara aNeves, André10aA caligrafia de dona sofialpor10aA caligrafia de dona sofia a310 a2001 1aElementar 4aLiteratura infanto-juvenil